| 000 | 00379 a2200169 4500 | ||
|---|---|---|---|
| 001 | 184427 | ||
| 020 | _a85-08-08643-1 | ||
| 040 | _cMagnum | ||
| 100 | _aBrezina, Thomas | ||
| 240 | 1 | 0 |
_aA maldicao das bruxas _lpor |
| 245 | 1 | 0 | _aA maldicao das bruxas |
| 300 | _a86 | ||
| 362 | 0 | _a2003 | |
| 440 | 1 | _aÁtica | |
| 697 | _aLITERATURA INFANTO-JUVENIL ESTRANGEIRA | ||
| 942 | _cBK | ||
| 999 |
_c184427 _d184427 |
||